Plan de conservación, manejo y uso sostenible de las palmas de Colombia / (Registro nro. 18368)
[ vista simple ]
| 000 -CABECERA | |
|---|---|
| Campo de control | 01097nam a2200277 a 4500 |
| 005 - FECHA Y HORA DE LA ULTIMA TRANSACCION | |
| Campo de control | 20160428170032.0 |
| 008 - ELEMENTOS DE LONGITUD FIJA—INFORMACION GENERAL | |
| Campo de control | 160210s2015 ck d gr 00110 spa d |
| 020 ## - ISBN | |
| ISBN | 9789588901053 |
| 040 ## - FUENTE DE CATALOGACIÓN | |
| Agencia catalogadora original | CO-BoBLA |
| Agencia transcriptora | CO-BoBLA |
| Agencia Modificadora | CO-BoIAVH |
| 041 0# - IDIOMA | |
| Código de idioma para texto/pista de sonido o título separado | Español |
| 044 ## - PAÍS DE PUBLICACIÓN | |
| País de publicación | Colombia |
| 082 04 - NUMERO DE CLASIFICACION DECIMAL DEWEY | |
| Número de clasificación | 639.9 |
| Número del ítem | G15p |
| 100 1# - ASIENTO PRINCIPAL--NOMBRE PERSONAL | |
| Nombre personal | Galeano, Gloria. |
| 9 (RLIN) | 443 |
| 245 10 - MENCION DE TITULO | |
| Título | Plan de conservación, manejo y uso sostenible de las palmas de Colombia / |
| Mención de responsabilidad | Gloria Galeano, Rodrigo Bernal, Yisela Figueroa Cardozo. |
| 260 ## - PUBLICACION, DISTRIBUCION, ETC. (PIE DE IMPRENTA) | |
| Lugar de publicación, distribución, etc. | Bogotá : |
| Nombre del editor, distribuidor, etc. | Ministerio de Ambiente : |
| -- | Universidad Nacional de Colombia. Facultad de Ciencias Naturales, |
| Fecha de publicación, distribución, etc. | 2015. |
| 300 ## - DESCRIPCION FISICA | |
| Extensión | 16 páginas : |
| Otros detalles físicos | tablas ; |
| Dimensiones | 17 x 29 centímetros |
| 650 14 - ASIENTO SECUNDARIO DE MATERIA - TERMINO TEMATICO | |
| Término temático o nombre geográfico como elemento de entrada | Palmas |
| Subdivisión general | Variedades |
| Subdivisión geográfica | Colombia |
| 9 (RLIN) | 66768 |
| 650 24 - ASIENTO SECUNDARIO DE MATERIA - TERMINO TEMATICO | |
| Término temático o nombre geográfico como elemento de entrada | Palmas |
| Subdivisión general | Variedades |
| Subdivisión geográfica | América Latina |
| 9 (RLIN) | 66769 |
| 650 24 - ASIENTO SECUNDARIO DE MATERIA - TERMINO TEMATICO | |
| Término temático o nombre geográfico como elemento de entrada | Palmas |
| Subdivisión general | Aspectos ambientales |
| 9 (RLIN) | 66770 |
| 650 24 - ASIENTO SECUNDARIO DE MATERIA - TERMINO TEMATICO | |
| Término temático o nombre geográfico como elemento de entrada | Palmas |
| Subdivisión general | Uso |
| Subdivisión geográfica | Colombia |
| 9 (RLIN) | 66771 |
| 650 24 - ASIENTO SECUNDARIO DE MATERIA - TERMINO TEMATICO | |
| Término temático o nombre geográfico como elemento de entrada | Palmas |
| Subdivisión general | Conservación |
| 9 (RLIN) | 66772 |
| 700 1# - ASIENTO SECUNDARIO - NOMBRE PERSONAL | |
| Nombre personal | Bernal, Rodrigo. |
| 9 (RLIN) | 2255 |
| 700 1# - ASIENTO SECUNDARIO - NOMBRE PERSONAL | |
| Nombre personal | Figueroa Cardozo, Yisela. |
| 9 (RLIN) | 66767 |
| 942 ## - ELEMENTOS ADICIONALES (KOHA) | |
| Sistema de clasificación | Dewey Decimal Classification |
| Tipo de ítem | Libro |
| 949 ## - LOCAL PROCESSING INFORMATION (OCLC) | |
| a | c |
| b | c |
| Withdrawn status | Lost status | Sistema de Clasificación | Damaged status | No para préstamo | Colección | Inventariado | Ubicación Permanente | Ubicación actual | Fecha de adquisición | Fuente de Valor | Valor | Total Checkouts | Número topográfico | Inventario / Código de Barras | Date last seen | Ejemplar | Price effective from | Forma de adquisición | Tipo de material |
|---|---|---|---|---|---|---|---|---|---|---|---|---|---|---|---|---|---|---|---|
| Dewey Decimal Classification | General | Inventariado 2017 | Bogotá | Bogotá | 28/04/2016 | Instituto | 39000.00 | LB-639.9 G15p | 040041 | 28/04/2016 | Ej. 1 | 28/04/2016 | Libro | ||||||
| Dewey Decimal Classification | General | Inventariado 2017 | Sala Fabio Quevedo | Sala Fabio Quevedo | 28/04/2016 | Instituto | 39000.00 | LB-639.9 G15p | 040042 | 28/04/2016 | Ej. 2 | 28/04/2016 | Libro |